[Event "Santiago del Estero"]
[Site "Santiago del Estero"]
[Date "2019.10.12"]
[Round "3"]
[White "Saldano Dayer, Horacio"]
[Black "Leon, Juan Carlos"]
[Result "1-0"]
[WhiteElo "2404"]
[BlackElo "2208"]
[PlyCount "113"]
[EventDate "2019.10.10"]
[EventType "tourn"]
[EventRounds "9"]
[EventCountry "ARG"]
[EventCategory "3"]
[SourceTitle "CBM 192 Extra"]
[Source "Chessbase"]
[SourceDate "2019.11.06"]
[SourceVersion "1"]
[SourceVersionDate "2019.11.06"]
[SourceQuality "1"]

1. d4 d5 2. c4 c6 3. Nf3 Nf6 4. e3 a6 5. h3 Bf5 6. Nc3 e6 7. Ne5 Nbd7 8. g4 Be4 9. f3 Bg6 10. h4 dxc4 11. e4 Nxe5 12. dxe5 Qxd1+ 13. Kxd1 Nd7 14. h5 Nxe5 15. hxg6 fxg6 16. Be2 b5 17. f4 Nd3 18. Kc2 Nf2 19. Rf1 Bc5 20. Nd1 Nxd1 21. Rxd1 Rd8 22. Bd2 0-0 23. a4 Rd4 24. axb5 axb5 25. Ra6 Rc8 26. e5 g5 27. fxg5 Re4 28. Bf3 Rxe5 29. Bf4 Rd5 30. Bxd5 exd5 31. Be5 Bf8 32. Ra7 Re8 33. Rf1 b4 34. Rb7 c5 35. Rb8 Rxb8 36. Bxb8 d4 37. Be5 Be7 38. Bf4 b3+ 39. Kd2 Bd8 40. Kc1 g6 41. Rf3 Be7 42. Kb1 Bf8 43. Be5 Be7 44. Bf6 Bf8 45. Rf1 Bd6 46. Rc1 Kf7 47. Rxc4 Ke6 48. Rc1 Kd5 49. Rh1 Bf4 50. Rxh7 Ke4 51. Rd7 Kf3 52. Rd5 Be3 53. Rxc5 d3 54. Rd5 Ke2 55. Bc3 d2 56. Bxd2 Bxd2 57. Rd6 1-0

[Event "Buenos Aires Vicente Lopez 23rd"]
[Site "Buenos Aires"]
[Date "2019.08.15"]
[Round "2"]
[White "Leon, Juan Carlos"]
[Black "Kapitanchuk, Tomas"]
[Result "0-1"]
[WhiteElo "2234"]
[BlackElo "2207"]
[PlyCount "82"]
[EventDate "2019.08.14"]
[EventType "tourn"]
[EventRounds "9"]
[EventCountry "ARG"]
[EventCategory "2"]
[SourceTitle "EXT 2020"]
[Source "ChessBase"]
[SourceDate "2019.10.17"]
[SourceVersion "1"]
[SourceVersionDate "2019.10.17"]
[SourceQuality "1"]

1. d4 Nf6 2. Bg5 d5 3. e3 Nbd7 4. Nf3 e6 5. Bd3 c5 6. c3 Be7 7. Nbd2 0-0 8. 0-0 b6 9. a4 Bb7 10. Qb1 a6 11. b4 cxb4 12. cxb4 Rc8 13. b5 a5 14. Rc1 Rxc1+ 15. Qxc1 Qb8 16. Ne5 Bd6 17. Nc6 Bxh2+ 18. Kf1 Qd6 19. g3 Bxg3 20. fxg3 Qxg3 21. Bf4 Qh3+ 22. Ke2 Qg2+ 23. Kd1 e5 24. Bxe5 Nxe5 25. dxe5 Ng4 26. Qc3 Nxe3+ 27. Kc1 Qf2 28. Kb2 Kh8 29. Rh1 h6 30. Ka1 Re8 31. Bb1 Kg8 32. Qd3 Bxc6 33. bxc6 Qf4 34. Qh7+ Kf8 35. Qh8+ Ke7 36. Qxg7 Qd4+ 37. Ka2 Qxd2+ 38. Ka1 Qd4+ 39. Ka2 Qxa4+ 40. Kb2 Nc4+ 41. Kc3 Qb4+ 0-1

[Event "Buenos Aires Vicente Lopez 23rd"]
[Site "Buenos Aires"]
[Date "2019.08.14"]
[Round "1"]
[White "Bertorello, Juan Manuel"]
[Black "Leon, Juan Carlos"]
[Result "1/2-1/2"]
[WhiteElo "2320"]
[BlackElo "2234"]
[PlyCount "118"]
[EventDate "2019.08.14"]
[EventType "tourn"]
[EventRounds "9"]
[EventCountry "ARG"]
[EventCategory "2"]
[SourceTitle "EXT 2020"]
[Source "ChessBase"]
[SourceDate "2019.10.17"]
[SourceVersion "1"]
[SourceVersionDate "2019.10.17"]
[SourceQuality "1"]

1. e4 e6 2. d4 d5 3. Nc3 Nf6 4. e5 Nfd7 5. Nce2 c5 6. c3 Nc6 7. f4 Be7 8. Nf3 0-0 9. a3 f6 10. b4 fxe5 11. fxe5 Bh4+ 12. Ng3 c4 13. Ra2 Rf7 14. Rf2 Nf8 15. Be2 Bd7 16. 0-0 Bxg3 17. hxg3 Ne7 18. g4 Nfg6 19. g3 Qb6 20. Ng5 Rxf2 21. Rxf2 a5 22. Bf1 axb4 23. axb4 Rf8 24. Bf4 Qa6 25. Qd2 Qa1 26. Rh2 h6 27. Nh3 Qb1 28. g5 Nf5 29. Rf2 h5 30. Qe2 Be8 31. Kh2 Bf7 32. Bg2 Ra8 33. Bd2 Ra1 34. Rf1 Qb2 35. Rxa1 Qxa1 36. Bf3 h4 37. gxh4 Ngxh4 38. Bg4 Ne7 39. Nf4 Qb1 40. Nxe6 Qh7 41. Kg1 Qb1+ 42. Kh2 Qh7 43. Bh3 Bh5 44. Qf2 Nf3+ 45. Kg2 Qd3 46. Nf4 Qxd2 47. Qxd2 Nxd2 48. Nxh5 Nb1 49. Be6+ Kf8 50. Nf4 Nxc3 51. Kf3 Ne4 52. Bxd5 Nxg5+ 53. Ke2 Nf5 54. Bxb7 Nxd4+ 55. Kd2 Ndf3+ 56. Bxf3 Nxf3+ 57. Kc3 Nxe5 58. Kd4 Nc6+ 59. Kxc4 Nxb4 1/2-1/2

[Event "Villa Ballester op 69th"]
[Site "Villa Ballester"]
[Date "2019.01.25"]
[Round "7"]
[White "Leon, Juan Carlos"]
[Black "Conde, Adrian"]
[Result "1-0"]
[WhiteElo "2240"]
[BlackElo "2039"]
[PlyCount "77"]
[EventDate "2019.01.16"]
[EventType "swiss"]
[EventRounds "9"]
[EventCountry "ARG"]
[SourceTitle "CBM 188 Extra"]
[Source "ChessBase"]
[SourceDate "2019.02.26"]
[SourceVersion "1"]
[SourceVersionDate "2019.02.26"]
[SourceQuality "1"]

1. e4 c5 2. Nf3 e6 3. d4 cxd4 4. Nxd4 a6 5. Bd3 Nf6 6. Qe2 d6 7. 0-0 Qc7 8. c4 Nbd7 9. Nc3 Be7 10. Kh1 b6 11. Be3 Bb7 12. Rac1 0-0 13. f4 Rfe8 14. Bg1 Rac8 15. Rfe1 g6 16. Nf3 Qb8 17. f5 exf5 18. exf5 d5 19. fxg6 hxg6 20. Bxg6 fxg6 21. Qe6+ Kh8 22. Qf7 Bc5 23. Bxc5 bxc5 24. Nh4 Rxe1+ 25. Rxe1 Rg8 26. Re3 Qf4 27. Nxg6+ Rxg6 28. Re8+ Nxe8 29. Qxf4 dxc4 30. Ne4 Nef6 31. Ng3 Bd5 32. Qd6 Rg8 33. Qf4 Rg7 34. Kg1 Kg8 35. Kf1 Rg4 36. Qc7 Rd4 37. Nf5 Re4 38. Qg3+ Rg4 39. Nh6+ 1-0

[Event "Buenos Aires Szmetan Giardelli op"]
[Site "Buenos Aires"]
[Date "2018.12.12"]
[Round "9"]
[White "Postolski, Javier"]
[Black "Leon, Juan Carlos"]
[Result "1/2-1/2"]
[WhiteElo "2018"]
[BlackElo "2269"]
[PlyCount "116"]
[EventDate "2018.12.04"]
[EventType "swiss"]
[EventRounds "9"]
[EventCountry "ARG"]
[SourceTitle "EXT 2024"]
[Source "ChessBase"]
[SourceDate "2023.10.10"]
[SourceVersion "1"]
[SourceVersionDate "2023.10.10"]
[SourceQuality "1"]

1. d4 e6 2. c4 f5 3. Nc3 d5 4. g3 Nf6 5. Bg2 c6 6. Nf3 Bd6 7. Bf4 Bxf4 8. gxf4 0-0 9. e3 Bd7 10. Qb3 Qb6 11. Ne5 Be8 12. 0-0 Nbd7 13. Na4 Qxb3 14. axb3 Nxe5 15. fxe5 Nd7 16. cxd5 cxd5 17. Rfc1 b5 18. Nc5 Nxc5 19. Rxc5 a5 20. Bf1 f4 21. Bxb5 Bxb5 22. Rxb5 fxe3 23. fxe3 Rf3 24. Rbxa5 Rxa5 25. Rxa5 Rxe3 26. Ra8+ Kf7 27. Ra7+ Kg6 28. Re7 Rxb3 29. Rxe6+ Kf5 30. Rd6 Ke4 31. Rd7 Kxd4 32. e6 Rxb2 33. Rxg7 Re2 34. e7 Kc3 35. Kf1 Re6 36. Rg3+ Kc4 37. Rg7 h5 38. h4 d4 39. e8Q Rxe8 40. Rc7+ Kb4 41. Rb7+ Kc3 42. Rc7+ Kd2 43. Rc5 d3 44. Rxh5 Kc3 45. Rh7 d2 46. Rc7+ Kb4 47. Rb7+ Kc3 48. Rc7+ Kd3 49. Rd7+ Ke3 50. h5 Re6 51. Rd8 Rc6 52. Re8+ Kd3 53. Rd8+ Kc2 54. Ke2 Re6+ 55. Kf3 Re8 56. Rd7 Rg8 57. Kf4 d1Q 58. Rxd1 Kxd1 1/2-1/2

[Event "Villa Martelli Jose Rubinstein op 18th"]
[Site "Villa Martelli"]
[Date "2017.11.17"]
[Round "1.1"]
[White "Leon, Juan Carlos"]
[Black "Mirada, Luciano"]
[Result "1-0"]
[WhiteElo "2174"]
[BlackElo "1864"]
[PlyCount "83"]
[EventDate "2017.11.17"]
[EventType "swiss"]
[EventRounds "7"]
[EventCountry "ARG"]
[SourceTitle "EXT 2024"]
[Source "ChessBase"]
[SourceDate "2023.10.10"]
[SourceVersion "1"]
[SourceVersionDate "2023.10.10"]
[SourceQuality "1"]

1. e4 c5 2. c3 e6 3. d4 d5 4. exd5 Qxd5 5. Nf3 Nf6 6. Na3 cxd4 7. Nb5 Qd8 8. Qxd4 Qxd4 9. Nfxd4 Na6 10. Bf4 Bc5 11. Nb3 Bb6 12. a4 0-0 13. a5 Bd8 14. Be2 Nd5 15. Bg3 Bd7 16. 0-0 Be7 17. Nd6 Bc6 18. Nd4 Nc5 19. a6 Rfd8 20. axb7 Bxb7 21. Nxb7 Nxb7 22. Bf3 Rdc8 23. Rfd1 Nd6 24. Bxd6 Bxd6 25. Nb5 Bc5 26. c4 Rab8 27. Bxd5 exd5 28. Rxd5 g6 29. Kf1 Bf8 30. b3 Bc5 31. Ra6 Rb6 32. Rxb6 axb6 33. Nc3 Ra8 34. Na4 Ra5 35. Rd8+ Kg7 36. Rb8 Ra6 37. Ke2 Kf6 38. g3 h5 39. Kd3 h4 40. Rh8 g5 41. Nxc5 bxc5 42. Rh6+ 1-0

[Event "Villa Martelli ProAm op 24th"]
[Site "Villa Martelli"]
[Date "2017.10.07"]
[Round "8"]
[White "Pierrot, Juan Facundo"]
[Black "Leon, Juan Carlos"]
[Result "1-0"]
[WhiteElo "2405"]
[BlackElo "2172"]
[PlyCount "67"]
[EventDate "2017.10.01"]
[EventType "swiss"]
[EventRounds "9"]
[EventCountry "ARG"]
[SourceTitle "CBM 181 Extra"]
[Source "ChessBase"]
[SourceDate "2017.12.12"]
[SourceVersion "1"]
[SourceVersionDate "2017.12.12"]
[SourceQuality "1"]

1. e4 e6 2. d4 d5 3. Nd2 Be7 4. Bd3 c5 5. dxc5 Nf6 6. Qe2 0-0 7. Ngf3 a5 8. 0-0 Na6 9. e5 Nd7 10. Nb3 a4 11. Nbd4 Ndxc5 12. Bf4 Bd7 13. g3 a3 14. b3 Nb4 15. h4 Ncxd3 16. cxd3 Qb6 17. h5 Rfc8 18. h6 g6 19. Be3 Qa6 20. Rfd1 Rc3 21. Ne1 Rac8 22. Bd2 R3c7 23. Qg4 Nc6 24. Nef3 Nxd4 25. Qxd4 Bf8 26. Nh2 Bb5 27. Ng4 Kh8 28. Bb4 Bxb4 29. Qxb4 f5 30. exf6 e5 31. Nxe5 Qxf6 32. Qxb5 Qxe5 33. Re1 Rc5 34. Qxc5 1-0

[Event "Villa Martelli ProAm op 24th"]
[Site "Villa Martelli"]
[Date "2017.10.06"]
[Round "7"]
[White "Churba, Daniel Albert"]
[Black "Leon, Juan Carlos"]
[Result "0-1"]
[WhiteElo "2062"]
[BlackElo "2172"]
[PlyCount "104"]
[EventDate "2017.10.01"]
[EventType "swiss"]
[EventRounds "9"]
[EventCountry "ARG"]
[SourceTitle "CBM 181 Extra"]
[Source "ChessBase"]
[SourceDate "2017.12.12"]
[SourceVersion "1"]
[SourceVersionDate "2017.12.12"]
[SourceQuality "1"]

1. Nf3 d5 2. d4 Nf6 3. c4 c6 4. g3 Bg4 5. Bg2 e6 6. 0-0 Nbd7 7. b3 Bd6 8. Bb2 0-0 9. Ne5 Bh5 10. Nd2 a5 11. Rc1 Qb8 12. Ndf3 a4 13. c5 Bc7 14. b4 Bxf3 15. Nxd7 Nxd7 16. exf3 a3 17. Ba1 Bd8 18. Re1 Bf6 19. f4 g6 20. Re3 b5 21. Qf3 Ra4 22. Rb1 Qa7 23. Bf1 Bg7 24. Bd3 Ra8 25. Bc2 Ra6 26. g4 Qc7 27. f5 exf5 28. gxf5 Qd8 29. Kh1 Bh6 30. Re2 R6a7 31. Bc3 Qh4 32. Rg1 Bf4 33. Rg2 Nf6 34. fxg6 hxg6 35. h3 Kf8 36. Bd2 Bxd2 37. Rxd2 Re8 38. Qg3 Qxg3 39. Rxg3 Re1+ 40. Kg2 Ra1 41. Bd3 Ra4 42. Rf3 Kg7 43. Be2 Ne4 44. Rc2 Rxb4 45. Rxa3 Rbb1 46. Kf3 Rh1 47. Kf4 Rae1 48. Ke5 Rh2 49. f3 Ng3 50. Kd6 Nf5+ 51. Kxc6 Nxd4+ 52. Kxd5 Nxc2 0-1

[Event "ARG-chT"]
[Site "Villa Martelli"]
[Date "2017.09.09"]
[Round "6.3"]
[White "Barrionuevo, Pablo"]
[Black "Leon, Juan Carlos"]
[Result "1-0"]
[WhiteElo "2256"]
[BlackElo "2183"]
[PlyCount "149"]
[EventDate "2017.08.05"]
[EventType "team-swiss"]
[EventRounds "9"]
[EventCountry "ARG"]
[SourceTitle "CBM 180 Extra"]
[Source "ChessBase"]
[SourceDate "2017.10.06"]
[SourceVersion "1"]
[SourceVersionDate "2017.10.06"]
[SourceQuality "1"]
[WhiteTeam "Centro Univ CUV"]
[BlackTeam "Ferro Carril Oeste"]
[WhiteTeamCountry "ARG"]
[BlackTeamCountry "ARG"]

1. d4 d5 2. c4 c6 3. Nf3 Nf6 4. Nc3 a6 5. g3 dxc4 6. Bg2 b5 7. Ne5 Bb7 8. 0-0 e6 9. a4 Qc8 10. e4 Be7 11. f4 0-0 12. g4 Nfd7 13. g5 Nxe5 14. fxe5 Qd8 15. h4 Nd7 16. Bf4 Qb6 17. Ne2 Rad8 18. Qc1 Nb8 19. a5 Qc7 20. Rd1 Bb4 21. Qe3 Bxa5 22. h5 Bb6 23. Qg3 a5 24. Kh2 Na6 25. Bh3 g6 26. hxg6 hxg6 27. Qh4 Qe7 28. Kg3 Rfe8 29. Rh1 Qf8 30. Bxe6 Qg7 31. Bg4 Bxd4 32. Nxd4 Rxd4 33. Rh3 Rd3+ 34. Bf3 Bc8 35. Rh2 Nc5 36. Rah1 Kf8 37. Kg2 Ne6 38. Bg3 Rd2+ 39. Kg1 Rxh2 40. Rxh2 Rd8 41. Bg4 Rd3 42. Be1 Ke7 43. Bxe6 Bxe6 44. Qf4 b4 45. Bf2 c3 46. Bc5+ Ke8 47. bxc3 bxc3 48. Be3 Kd7 49. Rh6 c2 50. Rh2 Rd1+ 51. Kf2 Qf8 52. Rh7 c1Q 53. Bxc1 Qc5+ 54. Be3 Qc2+ 55. Kg3 Qb3 56. Qf2 Rd3 57. Kf4 Qd1 58. Rh4 a4 59. Qb2 Qb3 60. Qc1 Rd1 61. Qc5 Qb8 62. Bd4 Rf1+ 63. Kg3 Rd1 64. Kf4 a3 65. Rh8 Rf1+ 66. Kg3 Qb3+ 67. Bc3 Rg1+ 68. Kf2 Qc2+ 69. Kxg1 Qd1+ 70. Kf2 Qc2+ 71. Kf3 Qd1+ 72. Kg2 Qc2+ 73. Qf2 Qxe4+ 74. Kh2 Qa4 75. Qd4+ 1-0

[Event "Caba 2nd"]
[Site "Caba"]
[Date "2017.04.28"]
[Round "9"]
[White "Leon, Juan Carlos"]
[Black "Perez, Maximiliano"]
[Result "0-1"]
[WhiteElo "2219"]
[BlackElo "2406"]
[PlyCount "96"]
[EventDate "2017.04.21"]
[EventType "tourn"]
[EventRounds "9"]
[EventCountry "ARG"]
[EventCategory "3"]
[SourceTitle "CBM 178 Extra"]
[Source "ChessBase"]
[SourceDate "2017.06.22"]
[SourceVersion "1"]
[SourceVersionDate "2017.06.22"]
[SourceQuality "1"]

1. e4 c5 2. c3 Nf6 3. e5 Nd5 4. d4 cxd4 5. Nf3 e6 6. cxd4 b6 7. Nc3 Nxc3 8. bxc3 Qc7 9. Bd2 d6 10. Bd3 Bb7 11. 0-0 Nd7 12. Bf4 Be7 13. Re1 Rc8 14. Rc1 0-0 15. Re3 g6 16. exd6 Bxd6 17. Bxd6 Qxd6 18. Ne5 Nxe5 19. Rxe5 Rfd8 20. h4 Qa3 21. Be4 Rxd4 22. Qxd4 Qxc1+ 23. Kh2 Bxe4 24. Qxe4 Qxc3 25. h5 Qc4 26. hxg6 hxg6 27. Qe3 Kg7 28. Re4 Qc3 29. Kg3 Qxe3+ 30. Rxe3 Rc4 31. Ra3 a5 32. Rb3 Ra4 33. Rxb6 Rxa2 34. Rb7 g5 35. Rb5 Kg6 36. Rb6 Kf5 37. Rb5+ e5 38. f3 a4 39. Ra5 f6 40. Ra6 a3 41. Kh3 g4+ 42. fxg4+ Kg5 43. Kg3 Ra1 44. Ra8 a2 45. Rg8+ Kh6 46. g5+ fxg5 47. Ra8 e4 48. Kg4 e3 0-1

[Event "Caba 2nd"]
[Site "Caba"]
[Date "2017.04.21"]
[Round "1"]
[White "Varacalli, Francisco"]
[Black "Leon, Juan Carlos"]
[Result "1-0"]
[WhiteElo "2088"]
[BlackElo "2219"]
[PlyCount "73"]
[EventDate "2017.04.21"]
[EventType "tourn"]
[EventRounds "9"]
[EventCountry "ARG"]
[EventCategory "3"]
[SourceTitle "CBM 178 Extra"]
[Source "ChessBase"]
[SourceDate "2017.06.22"]
[SourceVersion "1"]
[SourceVersionDate "2017.06.22"]
[SourceQuality "1"]

1. e4 c5 2. Nf3 Nc6 3. d4 cxd4 4. Nxd4 e5 5. Nb5 d6 6. N1c3 a6 7. Na3 b5 8. Nd5 Nge7 9. c4 Nxd5 10. cxd5 Nd4 11. Be3 Be7 12. Bd3 0-0 13. Bxd4 exd4 14. Nc2 Qb6 15. 0-0 f5 16. exf5 Bxf5 17. Bxf5 Rxf5 18. Nxd4 Rf7 19. Qd2 Bg5 20. Qd3 Bf6 21. Ne6 Rd7 22. Qd2 b4 23. Rac1 b3 24. Rc6 Qb5 25. a3 Qa4 26. Rfc1 Qe4 27. f4 Rb8 28. R6c4 Qf5 29. h3 h5 30. Rc8+ Rxc8 31. Rxc8+ Kf7 32. Qe2 Re7 33. Qf3 h4 34. Qxb3 Bd4+ 35. Kh2 Qb1 36. Rf8+ Kg6 37. Nxd4 1-0

[Event "Neuquen Patagonia op 1st"]
[Site "Neuquen"]
[Date "2015.11.28"]
[Round "9"]
[White "Leon, Juan Carlos"]
[Black "Lopez, Pablo1111"]
[Result "1-0"]
[WhiteElo "2201"]
[BlackElo "2023"]
[PlyCount "106"]
[EventDate "2015.11.21"]
[EventType "swiss"]
[EventRounds "9"]
[EventCountry "ARG"]
[SourceTitle "CBM 169 Extra"]
[Source "ChessBase"]
[SourceDate "2015.12.18"]
[SourceVersion "1"]
[SourceVersionDate "2015.12.18"]
[SourceQuality "1"]

1. d4 Nf6 2. Bg5 h6 3. Bxf6 gxf6 4. c4 e5 5. Nf3 Bb4+ 6. Nc3 Bxc3+ 7. bxc3 d6 8. e3 b6 9. a4 a5 10. Qc2 Qe7 11. Bd3 Bb7 12. Be4 Nc6 13. 0-0 0-0-0 14. d5 Nb8 15. Nd2 Rdg8 16. Bf5+ Kd8 17. Rab1 Ba6 18. f4 Nd7 19. Bxd7 Qxd7 20. fxe5 Qh3 21. Qe4 fxe5 22. Rf2 Rg4 23. Qf3 Qxf3 24. Rxf3 Rhg8 25. g3 h5 26. c5 dxc5 27. d6 R8g6 28. dxc7+ Kxc7 29. Rxf7+ Kc6 30. e4 h4 31. Nf3 Rxe4 32. Rf5 Kd5 33. Rd1+ Ke6 34. Rg5 Rg4 35. Rxg6+ Rxg6 36. Nxh4 Rg4 37. Rb1 Kd5 38. Rxb6 Bd3 39. Kf2 Rxa4 40. Ke3 c4 41. Rb5+ Ke6 42. Nf3 e4 43. Ng5+ Ke7 44. Nxe4 Ra2 45. Nd2 Rc2 46. Rxa5 Rxc3 47. Nf3 Bb1+ 48. Ke2 Rc2+ 49. Kd1 Rf2 50. Re5+ Kf8 51. Re3 Bd3 52. h4 Bf5 53. Ne5 Be6 1-0

[Event "Neuquen Patagonia op 1st"]
[Site "Neuquen"]
[Date "2015.11.24"]
[Round "5"]
[White "Leon, Juan Carlos"]
[Black "Moskalenko, Viktor"]
[Result "1-0"]
[WhiteElo "2201"]
[BlackElo "2525"]
[PlyCount "113"]
[EventDate "2015.11.21"]
[EventType "swiss"]
[EventRounds "9"]
[EventCountry "ARG"]
[SourceTitle "CBM 169 Extra"]
[Source "ChessBase"]
[SourceDate "2015.12.18"]
[SourceVersion "1"]
[SourceVersionDate "2015.12.18"]
[SourceQuality "1"]

1. e4 d6 2. d4 Nf6 3. Nc3 g6 4. Bg5 Bg7 5. Qd2 h6 6. Bh4 Nc6 7. f4 0-0 8. h3 e5 9. fxe5 dxe5 10. d5 Nxe4 11. Bxd8 Nxd2 12. Bxc7 Nxf1 13. Kxf1 Nd4 14. Nf3 Nxc2 15. Rc1 Bf5 16. Bxe5 Bxe5 17. Nxe5 Rfe8 18. Nf3 Ne3+ 19. Kf2 Nc4 20. b3 Nd6 21. g4 Ne4+ 22. Nxe4 Bxe4 23. Rhd1 Rad8 24. Rc4 Kf8 25. Rcd4 g5 26. Nd2 Bg6 27. Nc4 b5 28. Na5 Rd6 29. Kg1 Rd7 30. R1d2 Re3 31. Kh2 Ke7 32. d6+ Kf6 33. Nb7 Ke5 34. Nc5 Rd8 35. d7 Re2+ 36. Rxe2+ Kxd4 37. Nb7 Rxd7 38. Rd2+ Bd3 39. Rxd3+ Kxd3 40. Nc5+ Kc3 41. Nxd7 Kb4 42. Ne5 Ka3 43. Nxf7 Kxa2 44. Nxh6 Kxb3 45. h4 b4 46. hxg5 Kc3 47. g6 b3 48. g7 b2 49. g8Q b1Q 50. Qg7+ Kd2 51. Qd4+ Ke2 52. Nf5 Kf3 53. Nh4+ Ke2 54. Qxa7 Qb2 55. Qg1 Kd3+ 56. Qg2 Qh8 57. Qg3+ 1-0

[Event "Neuquen Patagonia op 1st"]
[Site "Neuquen"]
[Date "2015.11.23"]
[Round "3"]
[White "Leon, Juan Carlos"]
[Black "Alonso, Salvador"]
[Result "0-1"]
[WhiteElo "2201"]
[BlackElo "2499"]
[PlyCount "82"]
[EventDate "2015.11.21"]
[EventType "swiss"]
[EventRounds "9"]
[EventCountry "ARG"]
[SourceTitle "CBM 169 Extra"]
[Source "ChessBase"]
[SourceDate "2015.12.18"]
[SourceVersion "1"]
[SourceVersionDate "2015.12.18"]
[SourceQuality "1"]

1. e4 c5 2. c3 d5 3. exd5 Qxd5 4. d4 Nf6 5. Nf3 e6 6. Na3 Nc6 7. Nb5 Qd8 8. dxc5 Bxc5 9. Qxd8+ Kxd8 10. Bf4 Ne4 11. Ng5 Nxg5 12. Bxg5+ f6 13. Bh4 a6 14. 0-0-0+ Ke7 15. Nc7 Ra7 16. Bg3 b5 17. b4 Bb6 18. Nxb5 axb5 19. Bxb5 Ne5 20. a4 Rc7 21. Kb2 Bb7 22. Rhe1 Rhc8 23. Bxe5 fxe5 24. c4 Bd4+ 25. Kb3 Bxg2 26. f4 Bd5 27. Rxd4 exd4 28. cxd5 Rc3+ 29. Kb2 Re3 30. Rd1 exd5 31. Rxd4 Re4 32. Rxe4+ dxe4 33. Be2 e3 34. a5 Kd6 35. b5 Ra8 36. a6 Kc5 37. Kc3 Rd8 38. Bf3 Kb6 39. Be2 Rd2 40. Bc4 Rxh2 41. Kd3 h5 0-1

[Event "Buenos Aires Grafica Yael"]
[Site "Buenos Aires"]
[Date "2015.07.22"]
[Round "8"]
[White "Leon, Juan Carlos"]
[Black "Gaitan, Juan Manuel"]
[Result "0-1"]
[WhiteElo "2216"]
[BlackElo "2289"]
[PlyCount "60"]
[EventDate "2015.07.16"]
[EventType "tourn"]
[EventRounds "9"]
[EventCountry "ARG"]
[EventCategory "2"]
[SourceTitle "EXT 2016"]
[Source "ChessBase"]
[SourceDate "2015.10.08"]
[SourceVersion "1"]
[SourceVersionDate "2015.10.08"]
[SourceQuality "1"]

1. e4 c5 2. Nc3 Nc6 3. Bb5 e6 4. Bxc6 bxc6 5. f4 d5 6. d3 Nf6 7. Nf3 Be7 8. 0-0 0-0 9. Qe2 Ba6 10. b3 c4 11. bxc4 dxc4 12. dxc4 Qa5 13. Nd1 Qc5+ 14. Ne3 Nxe4 15. Bb2 Rfd8 16. Rfd1 Bxc4 17. Qe1 Ba6 18. Bd4 Rxd4 19. Rxd4 Nc3 20. Kh1 Bf6 21. Rd7 Ne2 22. Ng4 Bxa1 23. Qxa1 Nxf4 24. Nge5 f6 25. Ng4 Rf8 26. Qc1 e5 27. Qe3 Qxc2 28. Nf2 Qe2 29. Qxe2 Bxe2 30. Rxa7 Rb8 0-1

[Event "Buenos Aires Grafica Yael"]
[Site "Buenos Aires"]
[Date "2015.07.19"]
[Round "5"]
[White "Tokman, Ariel"]
[Black "Leon, Juan Carlos"]
[Result "1-0"]
[WhiteElo "2324"]
[BlackElo "2216"]
[PlyCount "127"]
[EventDate "2015.07.16"]
[EventType "tourn"]
[EventRounds "9"]
[EventCountry "ARG"]
[EventCategory "2"]
[SourceTitle "EXT 2016"]
[Source "ChessBase"]
[SourceDate "2015.10.08"]
[SourceVersion "1"]
[SourceVersionDate "2015.10.08"]
[SourceQuality "1"]

1. c4 Nf6 2. Nf3 c6 3. e3 d5 4. b3 Bf5 5. Bb2 e6 6. Be2 h6 7. 0-0 Nbd7 8. d4 Bd6 9. Nbd2 0-0 10. Ne5 Ne4 11. f3 Nxd2 12. Qxd2 Nxe5 13. dxe5 Bc5 14. Bd4 Bxd4 15. Qxd4 dxc4 16. Qxd8 Rfxd8 17. e4 Rd2 18. Kf2 Bg6 19. bxc4 Rad8 20. a4 f6 21. exf6 gxf6 22. Rfb1 R8d7 23. a5 f5 24. exf5 Bxf5 25. Rd1 Rxd1 26. Rxd1 Rxd1 27. Bxd1 b6 28. Ke3 e5 29. c5 bxc5 30. Ba4 Kf7 31. Bxc6 Ke7 32. g4 Be6 33. Ke4 Kd6 34. Bb7 Ba2 35. h4 Bb1+ 36. Ke3 Ke6 37. Be4 Ba2 38. Kd3 Kf6 39. Kc3 Be6 40. Bc6 h5 41. gxh5 Bf7 42. Be4 Kg7 43. Kd3 Kh6 44. Bg6 Bd5 45. Ke3 c4 46. f4 exf4+ 47. Kxf4 Be6 48. Ke4 Bg8 49. Kd4 Be6 50. Kc3 Bg8 51. Kb4 Be6 52. Be8 Bd5 53. Bb5 c3 54. Kxc3 Kxh5 55. Kd4 Bb7 56. Kc5 Kxh4 57. Kd6 Kg5 58. Kc7 Be4 59. Bc6 Bd3 60. Kb7 a6 61. Kb6 Kf6 62. Bb7 Ke7 63. Bxa6 Be4 64. Bb5 1-0

[Event "Latin Cup-A 6th"]
[Site "Buenos Aires"]
[Date "2015.03.23"]
[Round "6"]
[White "Lopez, Diego"]
[Black "Leon, Juan Carlos"]
[Result "1/2-1/2"]
[WhiteElo "2102"]
[BlackElo "2265"]
[PlyCount "147"]
[EventDate "2015.03.19"]
[EventType "swiss"]
[EventRounds "9"]
[EventCountry "ARG"]
[SourceTitle "CBM 165 Extra"]
[Source "ChessBase"]
[SourceDate "2015.04.21"]
[SourceVersion "1"]
[SourceVersionDate "2015.04.21"]
[SourceQuality "1"]

1. Nf3 Nf6 2. c4 e6 3. g3 d5 4. Bg2 dxc4 5. Qa4+ Bd7 6. Qxc4 Bc6 7. 0-0 Nbd7 8. d4 Be7 9. Bf4 0-0 10. Nbd2 Bd6 11. Bxd6 cxd6 12. Qb4 d5 13. a4 a5 14. Qa3 Qb6 15. Rfc1 Rfe8 16. e3 h6 17. Rc2 Nb8 18. Ne5 Na6 19. Rac1 Nb4 20. Rc3 Nd7 21. Nxd7 Bxd7 22. Nf3 f6 23. b3 Rac8 24. Rxc8 Rxc8 25. Rxc8+ Bxc8 26. Qc1 Qc6 27. Qxc6 bxc6 28. Bf1 Kf7 29. Ne1 e5 30. Nd3 Nxd3 31. Bxd3 Bg4 32. Bc2 Ke7 33. Kg2 Kd6 34. f3 Bd7 35. Kf2 c5 36. dxe5+ fxe5 37. Ke2 g5 38. Kd2 Be6 39. Bd3 Bd7 40. Bc2 d4 41. Bd3 Bc6 42. e4 Bb7 43. Ke2 Bc8 44. Kf1 Bd7 45. Bc4 Be8 46. Kg2 Bc6 47. Kh3 Bd7+ 48. Kg2 Bc8 49. Kf2 Bb7 50. Bd3 Bc6 51. Ke2 h5 52. h4 g4 53. fxg4 hxg4 54. Kd2 Ke7 55. Bc2 Bb7 56. Kd3 Ba6+ 57. Kd2 c4 58. bxc4 Bxc4 59. Bd3 Be6 60. Bb5 Bb3 61. Kd3 Ba2 62. Kd2 Kd6 63. Kc2 Ke7 64. Be2 Be6 65. Bb5 Kd6 66. Kb2 Bf7 67. Kc2 Bg6 68. Kd3 Kc7 69. Bc4 Kd6 70. Bd5 Be8 71. Bb3 Bd7 72. Bd1 Be8 73. Bb3 Bd7 74. Bd1 1/2-1/2

[Event "Latin Cup-A 6th"]
[Site "Buenos Aires"]
[Date "2015.03.21"]
[Round "3"]
[White "Pernas, Agustin Baltazar"]
[Black "Leon, Juan Carlos"]
[Result "1-0"]
[WhiteElo "2048"]
[BlackElo "2265"]
[PlyCount "101"]
[EventDate "2015.03.19"]
[EventType "swiss"]
[EventRounds "9"]
[EventCountry "ARG"]
[SourceTitle "CBM 165 Extra"]
[Source "ChessBase"]
[SourceDate "2015.04.21"]
[SourceVersion "1"]
[SourceVersionDate "2015.04.21"]
[SourceQuality "1"]

1. e4 c5 2. Nf3 a6 3. Nc3 Nc6 4. d4 cxd4 5. Nxd4 e5 6. Nf5 d6 7. Ne3 Nf6 8. Ncd5 Nxd5 9. Nxd5 Be6 10. Bg5 Ne7 11. Bc4 Rc8 12. Bb3 Qa5+ 13. Bd2 Qd8 14. Bg5 Bxd5 15. Bxe7 Qa5+ 16. c3 Bxb3 17. axb3 Qb6 18. Bxf8 Rxf8 19. Qg4 Ke7 20. Qg5+ Kd7 21. Qxg7 Qxb3 22. 0-0 Rg8 23. Qxh7 Rh8 24. Qf5+ Qe6 25. Qxe6+ Kxe6 26. g3 Rc4 27. Rfe1 Rd8 28. Rad1 b5 29. Ra1 Rc6 30. Ra5 b4 31. cxb4 Rb8 32. Ra4 Rc2 33. b3 Rb2 34. Re3 Rc8 35. Rxa6 Rcc2 36. Rf3 Re2 37. b5 Rxe4 38. Ra4 Re1+ 39. Kg2 e4 40. Rc3 Ree2 41. Kh3 f5 42. b6 Rxf2 43. Kh4 Rf3 44. Rxf3 exf3 45. Rb4 f2 46. b7 f1Q 47. b8Q Rxh2+ 48. Kg5 Qc1+ 49. Rf4 Rh3 50. Qe8+ Kd5 51. Qb5+ 1-0